01779nam a2200313Ia 4500001001200000003000800012006001900020007001500039008004100054020001500095020001800110040002100128035002100149050002500170245040500195260005800600300003000658504005100688533015200739650008300891650006100974650006701035651004401102655002901146710012801175710001701303856012601320999001901446ebr10405116CaPaEBRm u cr cn|||||||||100506s2010 dcuab sb 000 0 eng d z0309128021 z9780309128025 aCaPaEBRcCaPaEBR a(OCoLC)67044379514aSH173.5b.S33 2010eb02aA scientific assessment of alternatives for reducing water management effects on threatened and endangered fishes in California's bay-deltah[electronic resource] /cCommittee on Sustainable Water and Environmental Management in the California Bay-Delta, Water Science and Technology Board, Ocean Studies Board, Division on Earth and Life Studies, National Research Council of the National Academies. aWashington, D.C. :bNational Academies Press,cc2010. axiii, 93 p. :bill., map. aIncludes bibliographical referenes (p. 66-75). aElectronic reproduction.bPalo Alto, Calif. :cebrary,d2010.nAvailable via World Wide Web.nAccess may be limited to ebrary affiliated libraries. 0aFishesxEffect of water levels onzCaliforniazSacramento-San Joaquin Estuary. 0aRare fisheszCaliforniazSacramento-San Joaquin Estuary. 0aEstuarine ecologyzCaliforniazSacramento-San Joaquin Estuary. 0aSacramento-San Joaquin Estuary (Calif.) 7aElectronic books.2local2 aNational Research Council (U.S.).bCommittee on Sustainable Water and Environmental Management in the California Bay-Delta.2 aebrary, Inc.40uhttp://site.ebrary.com/lib/rucke/Doc?id=10405116zAn electronic book accessible through the World Wide Web; click to view c185102d185102